<?xml version="1.0" encoding="UTF-8"?>
<record
    xmlns:xsi="http://www.w3.org/2001/XMLSchema-instance"
    xsi:schemaLocation="http://www.loc.gov/MARC21/slim http://www.loc.gov/standards/marcxml/schema/MARC21slim.xsd"
    xmlns="http://www.loc.gov/MARC21/slim">

  <leader>01903nam a2200361 i 4500</leader>
  <controlfield tag="003">OSt</controlfield>
  <controlfield tag="005">20211005131333.0</controlfield>
  <controlfield tag="007">ta</controlfield>
  <controlfield tag="008">201106s2019    ck ||||e |||| 00| fdspa d</controlfield>
  <datafield tag="020" ind1=" " ind2=" ">
    <subfield code="a">9789584279521</subfield>
  </datafield>
  <datafield tag="020" ind1=" " ind2=" ">
    <subfield code="a">9584279521</subfield>
  </datafield>
  <datafield tag="040" ind1=" " ind2=" ">
    <subfield code="a">CO-MqBPB</subfield>
    <subfield code="b">spa</subfield>
    <subfield code="e">rda</subfield>
    <subfield code="c">CO-MqBPB</subfield>
  </datafield>
  <datafield tag="041" ind1="0" ind2=" ">
    <subfield code="a">spa</subfield>
  </datafield>
  <datafield tag="084" ind1=" " ind2=" ">
    <subfield code="a">AN BECl</subfield>
  </datafield>
  <datafield tag="100" ind1="1" ind2=" ">
    <subfield code="a">Becerra, &#xC1;ngela</subfield>
    <subfield code="d">1957- </subfield>
    <subfield code="e">autora</subfield>
    <subfield code="9">20042</subfield>
  </datafield>
  <datafield tag="245" ind1="1" ind2="0">
    <subfield code="a">Lo que le falta al tiempo /</subfield>
    <subfield code="c">&#xC1;ngela Becerra </subfield>
  </datafield>
  <datafield tag="250" ind1=" " ind2=" ">
    <subfield code="a">Primera edici&#xF3;n</subfield>
  </datafield>
  <datafield tag="264" ind1=" " ind2="1">
    <subfield code="a">Bogot&#xE1; </subfield>
    <subfield code="b">Editorial Planeta colombiana S.A.</subfield>
    <subfield code="b">Booket</subfield>
    <subfield code="c">2019</subfield>
  </datafield>
  <datafield tag="300" ind1=" " ind2=" ">
    <subfield code="a">477 paginas</subfield>
    <subfield code="c">19 cm</subfield>
  </datafield>
  <datafield tag="336" ind1=" " ind2=" ">
    <subfield code="2">rdacontent</subfield>
    <subfield code="a">texto</subfield>
    <subfield code="b">txt</subfield>
  </datafield>
  <datafield tag="337" ind1=" " ind2=" ">
    <subfield code="2">rdamedia</subfield>
    <subfield code="a">sin mediaci&#xF3;n</subfield>
    <subfield code="b">n</subfield>
  </datafield>
  <datafield tag="338" ind1=" " ind2=" ">
    <subfield code="2">rdacarrier</subfield>
    <subfield code="a">volumen</subfield>
    <subfield code="b">nc</subfield>
  </datafield>
  <datafield tag="490" ind1="0" ind2=" ">
    <subfield code="a">Booket novela</subfield>
    <subfield code="v">2229</subfield>
  </datafield>
  <datafield tag="520" ind1=" " ind2=" ">
    <subfield code="a">Mazarine es una joven estudiante de pintura que vive sola en el Barrio Latino de Par&#xED;s. En su casa encierra un valioso secreto que ha sido conservado a trav&#xE9;s de generaciones y puede cambiar el rumbo del arte. Su vida se ver&#xE1; conmocionada por la aparici&#xF3;n de C&#xE1;diz, un genio de la pintura, creador de un movimiento revolucionario que despierta en ella una pasi&#xF3;n sin l&#xED;mites.

Con este maravilloso libro, &#xC1;ngela Becerra, reconocida como creadora del idealismo m&#xE1;gico, penetra en lo m&#xE1;s hondo del alma de los personajes y lleva al l&#xED;mite la eterna dualidad humana. Una historia magn&#xE9;tica y conmovedora que desborda la pasi&#xF3;n y la raz&#xF3;n, la inocencia y la lujuria, lo material y lo espiritual, la inquietud y la calma.</subfield>
  </datafield>
  <datafield tag="521" ind1=" " ind2=" ">
    <subfield code="a">Recomendado para p&#xFA;blico adulto</subfield>
  </datafield>
  <datafield tag="545" ind1=" " ind2=" ">
    <subfield code="a">Incluye datos biogr&#xE1;ficos de la autora al iniciar el texto</subfield>
  </datafield>
  <datafield tag="650" ind1="1" ind2="7">
    <subfield code="2">LEMB</subfield>
    <subfield code="a">Novela colombiana </subfield>
    <subfield code="y">Siglo XX</subfield>
    <subfield code="9">160425</subfield>
  </datafield>
  <datafield tag="650" ind1="1" ind2="7">
    <subfield code="2">LEMB</subfield>
    <subfield code="a">Literatura colombiana </subfield>
    <subfield code="y">Siglo XX</subfield>
    <subfield code="9">160426</subfield>
  </datafield>
  <datafield tag="650" ind1="1" ind2="7">
    <subfield code="2">LEMB</subfield>
    <subfield code="a">Autores colombianos</subfield>
    <subfield code="y">Siglo XX</subfield>
    <subfield code="9">3714</subfield>
  </datafield>
  <datafield tag="650" ind1="1" ind2="7">
    <subfield code="2">LEMB</subfield>
    <subfield code="a">Amor</subfield>
    <subfield code="v">Novela</subfield>
    <subfield code="9">160427</subfield>
  </datafield>
  <datafield tag="650" ind1="1" ind2="7">
    <subfield code="2">LEMB</subfield>
    <subfield code="a">Pintura</subfield>
    <subfield code="v">Novela</subfield>
    <subfield code="9">119194</subfield>
  </datafield>
  <datafield tag="942" ind1=" " ind2=" ">
    <subfield code="2">ddc</subfield>
    <subfield code="c">BKLIT</subfield>
  </datafield>
  <datafield tag="999" ind1=" " ind2=" ">
    <subfield code="c">13863</subfield>
    <subfield code="d">13863</subfield>
  </datafield>
  <datafield tag="952" ind1=" " ind2=" ">
    <subfield code="0">0</subfield>
    <subfield code="1">0</subfield>
    <subfield code="2">ddc</subfield>
    <subfield code="4">0</subfield>
    <subfield code="7">0</subfield>
    <subfield code="8">LA</subfield>
    <subfield code="a">BPMOS</subfield>
    <subfield code="b">BPMOS</subfield>
    <subfield code="d">2021-10-05</subfield>
    <subfield code="e">Compra BPSJBM 2021</subfield>
    <subfield code="i">NT</subfield>
    <subfield code="l">2</subfield>
    <subfield code="o">AN BECl</subfield>
    <subfield code="p">MOS501759</subfield>
    <subfield code="r">2025-03-26</subfield>
    <subfield code="s">2025-02-25</subfield>
    <subfield code="t">EJ. 1</subfield>
    <subfield code="w">2021-10-05</subfield>
    <subfield code="y">BKLIT</subfield>
    <subfield code="z">Quince d&#xED;as</subfield>
  </datafield>
  <datafield tag="952" ind1=" " ind2=" ">
    <subfield code="0">0</subfield>
    <subfield code="1">0</subfield>
    <subfield code="2">ddc</subfield>
    <subfield code="4">0</subfield>
    <subfield code="7">0</subfield>
    <subfield code="8">LA</subfield>
    <subfield code="a">BPMOS</subfield>
    <subfield code="b">BPMOS</subfield>
    <subfield code="d">2021-10-05</subfield>
    <subfield code="e">Compra BPSJBM 2021</subfield>
    <subfield code="i">NT</subfield>
    <subfield code="l">3</subfield>
    <subfield code="m">1</subfield>
    <subfield code="o">AN BECl</subfield>
    <subfield code="p">MOS501760</subfield>
    <subfield code="r">2026-03-17</subfield>
    <subfield code="s">2026-02-28</subfield>
    <subfield code="t">EJ. 1</subfield>
    <subfield code="w">2021-10-05</subfield>
    <subfield code="y">BKLIT</subfield>
    <subfield code="z">Quince d&#xED;as</subfield>
  </datafield>
</record>
